000 00580nam a22002177a 4500
003 OSt
005 20171206132229.0
008 171127b xxu||||| |||| 00| 0 eng d
020 _a9781469887562
020 _a1469887568
040 _cDNLM
050 _aQV18 W553p 2015
100 _aWharen, Karen; Harvey, Richard A.
_912255
245 _aLippincott Illustrated Review Pharmacology
250 _a6th ed.
260 _aPhiladelphia; Wolters Kluwer, 2015
300 _axi,664p;col.ill: 28cm
504 _aIndex included
650 _aPharmacology
_9357
942 _2z
_cSLOAN
999 _c5880
_d5880